| 000 | 01377nam a2200169 a 4500 | ||
|---|---|---|---|
| 001 | 000010868 | ||
| 005 | 20200929162317.0 | ||
| 008 | 091012s1994 dr 001 0 spa d | ||
| 040 |
_aDO-SdBNP _bspa _cBNPHU |
||
| 082 |
_axxxx _bG575c |
||
| 245 | 0 | 0 |
_aGobierno compartido : _bpropuestas básicas 1994-1998 / _cpresentación José Fco. Peña Gómez. |
| 260 |
_aSanto Domingo : _bPartido Revolucionario Dominicano _bDe Colores, _c1994. |
||
| 300 |
_a137 p. ; _c27 cm. |
||
| 505 | 2 | _aModernización y reforma del estado -- Política de relaciones exteriores -- Fuerzas Armadas y Policia Nacional -- Planificación y políticas económicas -- Política de energía -- Política de transporte -- Política agropecuaria -- Política de recursos hídricos -- Recurso naturales y medio ambiente -- Política industrial -- Política minera y petrolera -- Política de turismo -- Políticas sociales -- Política cultural -- Política científica y tecnologica -- Política de salud y seguridad social -- Política de la mujer -- Política de juventud -- Política de deportes y recreación -- Política de población y familia -- Política de desarrollo urbano y catastro -- Política habitacional -- Política de aguas potables y alcantarillado -- Política sindical y relaciones laborales -- Política de precios y salarios. | |
| 700 | 1 |
_aPeña Gómez, José Fco. _926204 |
|
| 049 | _aBNPD | ||
| 999 |
_c10617 _d10617 |
||